Les Pokémon qui lévitent - Statistiques

Statistiques générales
  • Ce quiz a été pris 27 fois
    21 depuis la dernière actualisation
  • Le résultat moyen est 86 sur 180
Statistiques - réponses
Pokémon qui lévitent % Correct
Fantominus
92%
Spectrum
92%
Magnéti
85%
Magnéton
85%
Magnézone
85%
Créfadet
77%
Créfollet
77%
Créhelf
77%
Cresselia
77%
Feuforêve
77%
Skélénox
77%
Abra
69%
Darkrai
69%
Giratina Forme Originelle
69%
Mew
69%
Motisma
69%
Archéodong
62%
Archéomire
62%
Boréas
62%
Cosmog
62%
Démétéros
62%
Eoko
62%
Fulguris
62%
Hexagel
62%
Korillon
62%
Lugulabre
62%
Magirêve
62%
Mélancolux
62%
Métang
62%
Morphéo
62%
Noctunoir
62%
Polichombr
62%
Rayquaza
62%
Tentacool
62%
Tentacruel
62%
Terhal
62%
Tutafeh
62%
Tutafeh de Galar
62%
Zarbi
62%
Barpau
54%
Boustiflor
54%
Célébi
54%
Clic
54%
Cliticlic
54%
Cosmovum
54%
Cotovol
54%
Délestin
54%
Empiflor
54%
Jirachi
54%
Katagami
54%
Léviator
54%
Manaphy
54%
Météno
54%
Moyade
54%
Munja
54%
Necrozma
54%
Phione
54%
Poissirène
54%
Poissoroy
54%
Rosabyss
54%
Serpang
54%
Smogo
54%
Smogogo
54%
Smogogo de Galar
54%
Terapagos Forme Teracristal
54%
Tic
54%
Tutankafer
54%
Vémini
54%
Viskuse
54%
Amovénus
46%
Anchwatt
46%
Babimanta
46%
Barbicha
46%
Bargantua
46%
Barloche
46%
Brocélôme
46%
Carvanha
46%
Démanta
46%
Denticrisse
46%
Deoxys
46%
Dimoclès
46%
Ecayon
46%
Embrochet
46%
Exagide
46%
Floravol
46%
Granivol
46%
Hastacuda
46%
Hoopa
46%
Hypocéan
46%
Hyporoi
46%
Hypotrempe
46%
Kravarech
46%
Lampéroie
46%
Lovdisc
46%
Lumineon
46%
Momartik
46%
Monorpale
46%
Munna
46%
Mushana
46%
Ohmassacre
46%
Oniglali
46%
Oyacata
46%
Paragruel
46%
Pêchaminus
46%
Porygon
46%
Porygon2
46%
Porygon-Z
46%
Séléroc
46%
Sharpedo
46%
Solaroc
46%
Tokopisco
46%
Tokopiyon
46%
Tokorico
46%
Tokotoro
46%
Trousselin
46%
Venalgue
46%
Vortente
46%
Wailmer
46%
Wailord
46%
Zéroid
46%
Cheniselle
38%
Cheniti
38%
Dofin
38%
Ethernatos
38%
Flotte-Mèche
38%
Froussardine
38%
Gamblast
38%
Lançargot
38%
Lanturn
38%
Lewsor
38%
Loupio
38%
Mamanbo
38%
Méios
38%
Neitram
38%
Nucléos
38%
Pitrouille
38%
Poltchageist
38%
Polthégeist
38%
Relicanth
38%
Rémoraid
38%
Sépiatop
38%
Sinistrail
38%
Sorbébé
38%
Sorbouboul
38%
Sorboul
38%
Superdofin
38%
Symbios
38%
Tarinorme
38%
Théffroi
38%
Théffroyable
38%
Victini
38%
Yuyu
38%
Anorith
31%
Baudrive
31%
Diancie
31%
Dispareptil
31%
Fantyrm
31%
Flabébé
31%
Floette
31%
Florges
31%
Flotillon
31%
Grodrive
31%
Kaorine
31%
Lanssorien
31%
Qwilfish de Hisui
31%
Qwilpik
31%
Racaillou
31%
Raichu d'Alola
31%
Strassie
31%
Toudoudou
31%
Tritonde
31%
Qwilfish
23%
Corayon de Galar
15%
Doudouvet
15%
Farfaduvet
15%
Floréclat
15%
Germéclat
15%
Hydragla
15%
Têtampoule
15%
Crèmy
8%
Aucun quiz correspondant
Distribution des résultats
% des personnes avec chaque résultat
Percentile par nombre de réponses
Votre historique - résultats
Vous n’avez pas pris ce quiz depuis la dernière actualisation